Mistrzowie Niemiec - Statystyki

Ogólne statystyki
  • Ten quiz został rozwiązany 117 razy
  • Średni wynik to 4 z 17
Statystyki odpowiedzi
Liczba tytułów Klub % Poprawnych
33 Bayern Monachium
98%
8 Borussia Dortmund
96%
4 Werder Brema
41%
6 Hamburger SV
37%
5 Borussia Monchengladbach
36%
5 VFB Stuttgart
30%
3 FC Koln
28%
2 Hannover 96
12%
7 FC Schalke 04
9%
9 FC Nurnberg
7%
2 Hertha BSC
2%
4 FC Kaiserlautern
1%
2 BFC Viktoria 89
0%
2 Dresdner SC
0%
2 FC Viktoria 1889 Berlin
0%
3 SpVgg Greuther Furth
0%
3 VfB Leipzig
0%
Nie znaleziono quizów pasujących do podanych kryteriów
Rozkład punktacji
Procent ludzi z każdym wynikiem
Percentyl według liczby udzielonych odpowiedzi
Twoja historia wyników
Nie rozwiązałeś tego quizu